Statistics for Amtrak Routes

Click here to take the quiz!

General Stats

  • This quiz has been taken 172 times
  • The average score is 6 of 12

Answer Stats

HintAnswer% Correct
Chicago to Emeryville, CACalifornia Zephyr
64%
Chicago to Boston or New YorkLake Shore Limited
61%
New York to TorontoMaple Leaf
59%
Boston to Newport News, VAnortheast regional
59%
Lorton, VA to Sanford, FLauto train
58%
Washington, DC to St. Albans, VTvermonter
57%
Seattle to Los Angelescoast starlight
56%
Boston to Portland, MEdowneaster
54%
Chicago to MilwaukeeHiawatha
51%
New York to MontrealAdirondack
44%
Oklahoma City to Fort Worth, TXHeartland Flyer
36%
Chicago to Port Huronblue water
31%

Score Distribution

Percentile by Number Answered

Percent of People with Each Score

Your Score History

You have not taken this quiz